History Quiz

Random History Quiz

Gadsden Purchase Quiz Stats

 Plays Quiz not verified by Sporcle

Challenge
Share
Tweet
Embed
Score 0/14 Timer 03:00
0 Plays Today
Hint Fact % Correct
Purchased by (Country)United States
82%
Purchased from (Country)Mexico
77%
Land now located in (State)Arizona
73.8%
Year1853
70.5%
Land now located in (State)New Mexico
68.9%
James Gadsden appointed minister by (President)Frankin Pierce
41%
Most populous city (2011)Tucson
36.1%
Hint Fact % Correct
Eastern boundaryRio Grande
26.2%
Cost$10000000
23%
Western boundaryColorado River
21.3%
Northern boundaryGila River
16.4%
SellerAntonio López de Santa Anna
8.2%
Cost per acre$.33
6.6%
Cost in 2009 dollars$43100000000
3.3%

You're not logged in!

Compare scores with friends on all Sporcle quizzes.
Join for Free
OR
Log In

You Might Also Like...

Show Comments

Extras

Created Feb 14, 2011SourceReportNominate
Tags:purchase

Top Quizzes Today


Score Distribution

Your Account Isn't Verified!

In order to create a playlist on Sporcle, you need to verify the email address you used during registration. Go to your Sporcle Settings to finish the process.

Report this User

Report this user for behavior that violates our Community Guidelines.

Details: